000 00432cam a22001217a 4500
008 180718b1987 xxu||||| |||| 00| 0 eng d
082 _aA81x54 In2/81/20/Pt 8 A & B/2
100 _aCensus of India 1981
245 _aTamil Nadu: household tables (tables 6 to 9, 11, 12, & 17)
260 _aDelhi
_bThe Controller of Publications
_c1987
300 _a978+p.
440 _aCensus of India 1981. Series-20, Tamil Nadu. Part-VIII A & B (ii)
999 _c483313
_d483313